Statistics for Game Of Thrones Actors

Click here to take the quiz!

General Stats

  • This quiz has been taken 1,377 times
  • The average score is 14 of 28

Answer Stats

HintAnswer% Correct
TyrionPeter Dinklage
92%
DaenerysEmilia Clarke
86%
AryaMaisie Williams
86%
EddardSean Bean
85%
SansaSophie Turner
77%
CerseiLena Headey
75%
JonKit Harington
74%
TheonAlfie Allen
67%
Khal DrogoJason Momoa
60%
TywinCharles Dance
59%
MargaeryNatalie Dormer
56%
YgritteRose Leslie
55%
JoffreyJack Gleeson
53%
RobbRichard Madden
53%
JamieNikolaj Coster-Waldau
52%
JorahIain Glen,
45%
CatelynMichelle Fairley
45%
King RobertMark Addy
39%
LittleFinger (Petyr)Aiden Gillen
38%
BranIsaac Hempstead Wright
34%
DavosLiam Cunningham
34%
VarysConleth Hill
33%
The HoundRory McCann
32%
SamwellJohn Bradley
30%
ViserysHarry Lloyd
25%
StannisStephen Dillane
25%
Loras (Knight of flowers)Finn Jones
22%
RenlyGethin Anthony
14%

Score Distribution

Percentile by Number Answered

Percent of People with Each Score

Your Score History

You have not taken this quiz